[Event "Athens ChessSquare Celebration op"]
[Site "Athens"]
[Date "2015.11.07"]
[Round "1"]
[White "Aggelakis, Ioannis"]
[Black "Vazelakis, Dimitrios"]
[Result "0-1"]
[WhiteElo "1334"]
[BlackElo "1982"]
[PlyCount "66"]
[EventDate "2015.11.07"]
[EventType "swiss"]
[EventRounds "7"]
[EventCountry "GRE"]
[SourceTitle "EXT 2024"]
[Source "ChessBase"]
[SourceDate "2023.10.10"]
[SourceVersion "1"]
[SourceVersionDate "2023.10.10"]
[SourceQuality "1"]

1. e4 g6 2. d4 Bg7 3. Be3 d6 4. Bd3 e5 5. c3 Nc6 6. Ne2 Nf6 7. h3 0-0 8. 0-0 d5 9. Bg5 exd4 10. cxd4 dxe4 11. Bxe4 h6 12. Bh4 g5 13. Bxc6 bxc6 14. Bg3 Rb8 15. Qc2 Ba6 16. Nbc3 Re8 17. Rad1 Nd5 18. Rfe1 Nb4 19. Qd2 Bc4 20. a3 Nd5 21. Qc1 Nxc3 22. Nxc3 Rxe1+ 23. Rxe1 Qxd4 24. Bxc7 Rc8 25. Rd1 Qf6 26. Ba5 Qf5 27. Bb4 c5 28. Ba5 Bd4 29. Qd2 Re8 30. Re1 Qxf2+ 31. Qxf2 Rxe1+ 32. Kh2 Bxf2 33. Na4 Re2 0-1